| 000 | 01057pam a2200313 a 4500 | ||
|---|---|---|---|
| 001 | 2614172 | ||
| 003 | PILC | ||
| 005 | 20150905092912.0 | ||
| 008 | 980109r19981905dcu 000 1 eng | ||
| 010 | _a 98010741 | ||
| 020 | _a014037454x | ||
| 040 |
_aDLC _cDLC _dDLC |
||
| 043 | _ae-uk--- | ||
| 050 | 0 | 0 |
_aPR 6029.R25 _b.Or64 1989 |
| 082 | 0 | 0 | _a823/.912 |
| 100 | 1 |
_aOrczy, Emmuska Orczy, _cBaroness, _d1865-1947. |
|
| 245 | 1 | 4 |
_aThe Scarlet Pimpernel / _cBaroness Orczy. |
| 260 |
_aNY : _bPuffin Books, _c1989. |
||
| 300 |
_a323 pages ; _c21 cm. |
||
| 650 | 0 |
_aBlakeney, Percy, Sir (Fictitious character) _xFiction. |
|
| 650 | 0 |
_aBritish _zFrance _vFiction. |
|
| 650 | 0 |
_aNobility _xFiction. |
|
| 651 | 0 |
_aFrance _xHistory _yRevolution, 1789-1799 _xFiction. |
|
| 655 | 7 |
_aHistorical fiction. _2gsafd |
|
| 655 | 7 |
_aAdventure fiction. _2gsafd |
|
| 906 |
_a7 _bcbc _corignew _d1 _eocip _f19 _gy-gencatlg |
||
| 942 |
_2lcc _cBK _kFOR |
||
| 999 |
_c284711 _d284711 |
||